LEADER 00926nas a2200229 i 4500 001 000000152747 003 CaOOAMICUS 005 20070108000000.0 008 060830b2006 xxuuu u0 0eng r 013 $a130088 040 $aSeMil$bita 245 10$a[2006 :$bNo. 3-4]. 260 $aWashington :$bThe Catholic Biblical Association of America,$ccopyr. 2006. 300 $aP. [395]-834 ;$c23 cm. 773 0 $tCatholic Biblical Quarterly.$dWashington : The Catholic Biblical Association of America $x0008-7912$w()2089 774 0 $t[SENZA TITOLO].$w()264853 774 0 $t[SENZA TITOLO].$w()265505 850 $aSeMil 852 $aSeMil$W1$xVenegono$y1$m220 3 29$j104693$B104693$CSeMilBibl$Z2$F118586 $85 961 $aCambio: Scuola Cattolica 996 $6245$a[2006 :$bNo. 3-4]$9(OLS)http://semarc/title/223341 996 $6260$aWashington :$bThe Catholic Biblical Association of America$9(OLS)http://semarc/publisher/30547 LEADER 01106nam a2200241 i 4500 001 000000070316 003 CaOOAMICUS 005 20080814000000.0 008 080814s1959 it u000 u ita u 013 $a41488 040 $aSeMil$bita 100 1 $aCampo, Mariano <1892-1976>.$0(OLS)http://semarc/name/8345 245 10$aSchizzo storico della esegesi e critica kantiana :$bdal "ritorno a Kant" alla fine dell'Ottocento /$cMariano Campo. 260 $aVarese :$bEditrice Magenta,$c1959. 300 $a310 p. ;$c22 cm. 490 0 $aSaggi e ricerche ;$v4 500 $aIn preliminari: Dedica dell'Autore a mons. Dell'Acqua. 600 14$aKant, Immanuel <1724-1804>.$0(OLS)http://semarc/subject/7657 830 0$aSaggi e ricerche ;$v4.$0(OLS)http://semarc/title/11063 850 $aSeMil 852 $aSeMil$W1$xVenegono$y1$m2P II 226$j36469$B36469$CSeMilBibl$Z2$F36472 $81 996 $6245$aSchizzo storico della esegesi e critica kantiana :$bdal "ritorno a Kant" alla fine dell'Ottocento$9(OLS)http://semarc/title/112829 996 $6260$aVarese :$bEditrice Magenta$9(OLS)http://semarc/publisher/34867